|
|
|
|
| LEADER |
00000nab a2200000 a 4500 |
| 001 |
vtls000563746 |
| 003 |
SK-MaSNL |
| 005 |
20260303013038.0 |
| 008 |
220810c1995 xo 0 slo |
| 015 |
|
|
|a SNBRB19rr/mm-uuuuu
|
| 035 |
|
|
|a CL0563884
|
| 040 |
|
|
|a SNKBUCL
|b slo
|c SNKBUCL
|e AACR2
|
| 041 |
0 |
|
|a slo
|
| 044 |
|
|
|a xo
|c SK
|
| 080 |
|
|
|a 638.145.3
|2 1981
|
| 100 |
1 |
|
|a Tarcala, Jozef,
|d 1916-2004
|4 aut
|9 27597
|
| 245 |
1 |
0 |
|a Perspektíva chovu línie Šarišanka
|c Jozef Tarcala
|
| 300 |
|
|
|b Fotogr. 1
|
| 650 |
0 |
7 |
|a včela medonosná
|2 snkbucl
|9 25170
|
| 655 |
|
7 |
|a články z novín a časopisov
|2 snkbucl
|9 267496
|
| 773 |
0 |
|
|t Včelár
|g Roč. 69, č. 10 (1995), s. 152
|x 0139-6064
|
| 850 |
|
|
|a Slovenská národná knižnica v Martine
|a MTA001
|
| 852 |
|
|
|a SNK
|b KIS3GCP
|
| 954 |
|
|
|a odborná, vedecká literatúra pôvodná (slovenská)
|2 lita
|
| 958 |
|
|
|a OND
|
| 958 |
|
|
|a RK
|
| 992 |
|
|
|a RBX
|
| 999 |
|
|
|c 1600420
|d 1602350
|